| 000 | 03367namaa2200445uu 4500 | ||
|---|---|---|---|
| 001 | doab134114 | ||
| 003 | oapen | ||
| 005 | 20260218110428.0 | ||
| 006 | m o d | ||
| 007 | cr|mn|---annan | ||
| 008 | 240214s2024 xx |||||o ||| 0|eng d | ||
| 020 | _a978-981-99-8220-2 | ||
| 020 | _a9789819982196 | ||
| 020 | _a9789819982202 | ||
| 024 | 7 |
_a10.1007/978-981-99-8220-2 _2doi |
|
| 040 |
_aoapen _coapen _d |
||
| 041 | 0 | _aeng | |
| 042 | _adc | ||
| 720 | 1 |
_aAhammed, Golam Jalal _4edt |
|
| 245 | 0 | 0 |
_aArbuscular Mycorrhizal Fungi and Higher Plants _bFundamentals and Applications |
| 260 |
_aSingapore _bSpringer Nature _c2024 |
||
| 300 | _a1 online resource (340 p.) | ||
| 336 |
_atext _btxt _2rdacontent |
||
| 337 |
_acomputer _bc _2rdamedia |
||
| 338 |
_aonline resource _bcr _2rdacarrier |
||
| 506 | 0 |
_fUnrestricted online access _2star |
|
| 520 | _aThis book covers the fundamentals of arbuscular mycorrhizal fungi (AMF) and higher plant symbiosis with potential implications in crop production. It provides new insights into our understanding of the mechanisms of AMF-mediated plant growth regulation and stress tolerance covering the most recent biochemical, physiological, molecular, environmental, and ecological studies. Focusing on AMF-induced physiological and molecular mechanisms of enhanced tolerance to stress, environmental stress is discussed in several dedicated chapters. The book provides not only updated information with new insights and perspectives but also several new topics, such as a comprehensive discussion on biotic stressors, AMF interaction with other microorganisms, non-host plant species, plant secondary metabolism, signaling events in plant-AMF symbiosis, AMF-mediated nutrient acquisition and subsequent stress tolerance. The book also discusses the potential implications of AMF for sustainable crop production in the context of climate change. The book can be a useful reference book for academics and scientists involved in related research, such as academics in agronomy and plant sciences, scientists involved in beneficial fungi research, chemists, industrialists, and employees involved in the production and marketing of biofertilizers, master and doctoral degree students of agronomy, horticulture, and plant protection, consultants working on the production of crops in marginal environments as well as environmental scientists working for assisted phytoremediation programs. It would also be suitable for agronomy, ecology, and plant science-related courses, such as plant stress physiology, plant growth-promoting microbes, and plant pathology to teach undergraduate, graduate, and postgraduate students at colleges and universities. | ||
| 540 |
_aCreative Commons _fby/4.0/ _2cc _uhttp://creativecommons.org/licenses/by/4.0/ |
||
| 546 | _aEnglish | ||
| 650 | 7 |
_aAgricultural science _2bicssc |
|
| 650 | 7 |
_aBotany & plant sciences _2bicssc |
|
| 650 | 7 |
_aMycology, fungi (non-medical) _2bicssc |
|
| 650 | 7 |
_aPlant physiology _2bicssc |
|
| 720 | 1 |
_aAhammed, Golam Jalal _4oth |
|
| 720 | 1 |
_aHajiboland, Roghieh _4edt |
|
| 720 | 1 |
_aHajiboland, Roghieh _4oth |
|
| 793 | 0 | _aDOAB Library. | |
| 856 |
_uhttps://docs.google.com/spreadsheets/d/1yKIrdCPDAG_9c22mwoOIO2DOhtj65Wqa/edit?usp=sharing&ouid=106555315294820607512&rtpof=true&sd=true _yList of Curated E-Books |
||
| 942 | _cE-BOOK | ||
| 999 |
_c80964 _d80963 |
||